Clics en chaîne - Sport - Statistiques

Statistiques générales
  • Ce quiz a été pris 1 721 fois
  • Le résultat moyen est 13 sur 21
Statistiques - réponses
Hint Réponse % Correct
Les Jeux Olympiques ont été créés en Grèce
96%
… pays qui est baigné par la/le Méditerranée
86%
… là où de nos jours on allume la/le Flamme
77%
… dont le siège est à Rome
76%
… dont le nom antique est Mare nostrum
75%
… une langue dite Morte
75%
… les cinq Anneaux
74%
… de l'église Catholique
74%
… où la langue parlée par tout le monde est plutôt l'/le/la Italien
74%
… qui se sont rencontrés à Olympie
69%
… qui, concurrençait autrefois une autre langue, le/la Grec
67%
… mais pourtant toujours la langue Officielle
66%
… créateur de beauté, de la grandeur et de la Vérité
63%
… en Latin
60%
... le serment des Athlètes
57%
…devise Citius Altius Fortius
54%
… et l'/le Hymne
54%
… et Eternel
48%
… un des symboles de l'olympisme avec le/la Drapeau
47%
… parlée par les premiers Sportifs
20%
… dont les paroles appellent à se prosterner devant l'esprit Antique
17%
Aucun quiz correspondant
Distribution des résultats
% des personnes avec chaque résultat
Percentile par nombre de réponses
Votre historique - résultats
Vous n’avez pas pris ce quiz